000 00463nam a2200169 i 4500
001 40381
003 ES-MaACL
005 20230906160215.0
007 t|
008 030306s1934 sp |||| | spa d
080 _a821.134.2-31"19"
100 1 _aCarnés, Luisa.
_935375
245 1 0 _aTea rooms
_b: mujeres obreras : (novela reportaje) /
_cLuisa Carnés.
260 _aMadrid :
_bJuan Pueyo,
_c1934.
300 _a220 p. ;
_c19 cm.
852 _aES-MaACL
_jB-8879
999 _c40381
_d40381